[Event "DEM U18w 2025"]
[Site "Willingen GER"]
[Date "2025.06.12"]
[Round "7"]
[White "Ulrich, Helena Irene"]
[Black "von Beckh, Frieda"]
[Result "1/2-1/2"]
[Termination "normal"]
[Board "9"]
[WhiteElo "1841"]
[BlackElo "1799"]
[WhiteClock "00:50:16"]
[BlackClock "00:17:19"]
[PlyCount "84"]
[WhiteFideId "16256000"]
[BlackFideId "16233751"]
[EventCountry "GER"]
[EventRounds "9"]
[EventType "swiss"]
[EventDate "2025.06.07"]

1. e4 {[%clk 01:30:59]} {[%emt 00:22:24]} c5 {[%clk 01:30:54]} {[%emt
00:00:06]} 2. Nf3 {[%clk 01:31:26]} {[%emt 00:00:02]} Nc6 {[%clk 01:31:20]}
{[%emt 00:00:05]} 3. d4 {[%clk 01:31:53]} {[%emt 00:00:03]} cxd4 {[%clk
01:31:47]} {[%emt 00:00:03]} 4. Nxd4 {[%clk 01:32:20]} {[%emt 00:00:03]} g6
{[%clk 01:32:09]} {[%emt 00:00:07]} 5. c4 {[%clk 01:32:47]} {[%emt 00:00:03]}
Nf6 {[%clk 01:32:36]} {[%emt 00:00:04]} 6. Nc3 {[%clk 01:33:12]} {[%emt
00:00:04]} Nxd4 {[%clk 01:32:53]} {[%emt 00:00:12]} 7. Qxd4 {[%clk 01:33:22]}
{[%emt 00:00:21]} Bg7 {[%clk 01:33:08]} {[%emt 00:00:15]} 8. Be2 {[%clk
01:33:06]} {[%emt 00:00:47]} d6 {[%clk 01:33:27]} {[%emt 00:00:11]} 9. Bg5
{[%clk 01:32:33]} {[%emt 00:01:03]} O-O {[%clk 01:33:20]} {[%emt 00:00:36]} 10.
Qd2 {[%clk 01:32:06]} {[%emt 00:00:58]} a5 {[%clk 01:32:59]} {[%emt 00:00:51]}
11. O-O {[%clk 01:31:41]} {[%emt 00:00:53]} a4 {[%clk 01:32:58]} {[%emt
00:00:32]} 12. Rab1 {[%clk 01:28:22]} {[%emt 00:03:50]} Be6 {[%clk 01:20:20]}
{[%emt 00:13:07]} 13. f3 {[%clk 01:21:24]} {[%emt 00:07:29]} Qa5 {[%clk
01:07:43]} {[%emt 00:13:07]} 14. Rfc1 {[%clk 01:12:13]} {[%emt 00:09:40]} Rfc8
{[%clk 00:49:16]} {[%emt 00:18:57]} 15. Nd5 {[%clk 01:04:49]} {[%emt 00:07:54]}
Qxd2 {[%clk 00:47:31]} {[%emt 00:02:14]} 16. Bxd2 {[%clk 01:04:50]} {[%emt
00:00:30]} Nxd5 {[%clk 00:47:50]} {[%emt 00:00:11]} 17. cxd5 {[%clk 01:03:05]}
{[%emt 00:02:15]} Bd7 {[%clk 00:47:19]} {[%emt 00:01:01]} 18. Bc3 {[%clk
01:00:28]} {[%emt 00:03:08]} Bh6 {[%clk 00:36:39]} {[%emt 00:11:08]} 19. Rd1
{[%clk 00:56:50]} {[%emt 00:04:10]} a3 {[%clk 00:30:31]} {[%emt 00:06:37]} 20.
Bd4 {[%clk 00:49:36]} {[%emt 00:07:44]} Ba4 {[%clk 00:16:50]} {[%emt 00:14:10]}
21. b3 {[%clk 00:47:25]} {[%emt 00:02:42]} Bd7 {[%clk 00:17:14]} {[%emt
00:00:06]} 22. Bd3 {[%clk 00:46:58]} {[%emt 00:00:57]} b5 {[%clk 00:16:30]}
{[%emt 00:01:13]} 23. b4 {[%clk 00:40:23]} {[%emt 00:07:06]} e5 {[%clk
00:12:32]} {[%emt 00:04:28]} 24. Bf2 {[%clk 00:37:08]} {[%emt 00:03:45]} Rc3
{[%clk 00:11:24]} {[%emt 00:01:37]} 25. Kf1 {[%clk 00:32:17]} {[%emt 00:05:23]}
Rac8 {[%clk 00:11:28]} {[%emt 00:00:25]} 26. Be1 {[%clk 00:31:53]} {[%emt
00:00:54]} Rc1 {[%clk 00:11:33]} {[%emt 00:00:24]} 27. Ke2 {[%clk 00:30:54]}
{[%emt 00:01:30]} Rxb1 {[%clk 00:08:10]} {[%emt 00:03:53]} 28. Rxb1 {[%clk
00:31:18]} {[%emt 00:00:06]} Bc1 {[%clk 00:08:10]} {[%emt 00:00:30]} 29. Kd1
{[%clk 00:30:11]} {[%emt 00:01:38]} Bb2 {[%clk 00:08:18]} {[%emt 00:00:21]} 30.
Bd2 {[%clk 00:26:13]} {[%emt 00:04:28]} f5 {[%clk 00:03:47]} {[%emt 00:05:00]}
31. h3 {[%clk 00:24:27]} {[%emt 00:02:17]} f4 {[%clk 00:02:51]} {[%emt
00:01:27]} 32. Bc1 {[%clk 00:20:36]} {[%emt 00:04:20]} Bxc1 {[%clk 00:02:40]}
{[%emt 00:00:42]} 33. Rxc1 {[%clk 00:21:04]} {[%emt 00:00:02]} Rxc1+ {[%clk
00:03:05]} {[%emt 00:00:04]} 34. Kxc1 {[%clk 00:21:30]} {[%emt 00:00:04]} Kg7
{[%clk 00:03:01]} {[%emt 00:00:34]} 35. Kd1 {[%clk 00:19:56]} {[%emt 00:02:04]}
Kh6 {[%clk 00:03:19]} {[%emt 00:00:13]} 36. Ke1 {[%clk 00:20:15]} {[%emt
00:00:10]} Kh5 {[%clk 00:03:37]} 37. Kf2 {[%clk 00:20:30]} {[%emt 00:00:28]}
Kh4 {[%clk 00:03:59]} {[%emt 00:00:08]} 38. Bf1 {[%clk 00:20:40]} {[%emt
00:00:19]} h5 {[%clk 00:04:15]} {[%emt 00:00:13]} 39. Bd3 {[%clk 00:20:55]}
{[%emt 00:00:15]} Be8 {[%clk 00:04:07]} {[%emt 00:00:38]} 40. Bf1 {[%clk
00:20:45]} {[%emt 00:00:41]} Bd7 {[%clk 00:04:27]} {[%emt 00:00:10]} 41. Bd3
{[%clk 00:21:10]} {[%emt 00:00:05]} g5 {[%clk 00:27:35]} {[%emt 00:07:21]} 42.
Be2 {[%clk 00:50:16]} {[%emt 00:01:25]} Be8 {[%clk 00:17:19]} {[%emt 00:10:46]}
1/2-1/2

[Event "DEM U18w 2025"]
[Site "Willingen GER"]
[Date "2025.06.12"]
[Round "7"]
[White "Busch, Lara Sophie"]
[Black "Gyácsok, Dzvinka"]
[Result "1-0"]
[Termination "normal"]
[Board "10"]
[WhiteElo "1597"]
[BlackElo "1689"]
[WhiteClock "00:03:37"]
[BlackClock "00:01:53"]
[PlyCount "127"]
[WhiteFideId "34664866"]
[BlackFideId "16298292"]
[EventCountry "GER"]
[EventRounds "9"]
[EventType "swiss"]
[EventDate "2025.06.07"]

1. e4 {[%clk 01:30:57]} {[%emt 00:00:02]} e5 {[%clk 01:30:51]} {[%emt
00:00:09]} 2. Nf3 {[%clk 01:31:20]} {[%emt 00:00:09]} Nc6 {[%clk 01:31:12]}
{[%emt 00:00:08]} 3. Bc4 {[%clk 01:31:44]} {[%emt 00:00:06]} Bc5 {[%clk
01:31:30]} {[%emt 00:00:11]} 4. c3 {[%clk 01:32:06]} {[%emt 00:00:09]} Nf6
{[%clk 01:31:35]} {[%emt 00:00:24]} 5. d3 {[%clk 01:32:29]} {[%emt 00:00:08]}
d6 {[%clk 01:30:11]} {[%emt 00:01:53]} 6. O-O {[%clk 01:32:28]} {[%emt
00:00:31]} h6 {[%clk 01:26:19]} {[%emt 00:04:24]} 7. Nbd2 {[%clk 01:30:17]}
{[%emt 00:02:39]} O-O {[%clk 01:24:32]} {[%emt 00:02:17]} 8. Bb3 {[%clk
01:30:29]} {[%emt 00:00:19]} Re8 {[%clk 01:17:54]} {[%emt 00:07:08]} 9. Re1
{[%clk 01:30:22]} {[%emt 00:00:36]} Bb6 {[%clk 01:11:48]} {[%emt 00:06:36]} 10.
h3 {[%clk 01:30:07]} {[%emt 00:00:45]} Ne7 {[%clk 01:09:49]} {[%emt 00:02:30]}
11. Nf1 {[%clk 01:29:21]} {[%emt 00:01:15]} Be6 {[%clk 01:06:23]} {[%emt
00:03:57]} 12. Ng3 {[%clk 01:29:22]} {[%emt 00:00:29]} Ng6 {[%clk 01:01:52]}
{[%emt 00:05:01]} 13. Bc2 {[%clk 01:24:40]} {[%emt 00:05:12]} c6 {[%clk
00:58:29]} {[%emt 00:03:53]} 14. d4 {[%clk 01:23:15]} {[%emt 00:01:55]} Qc7
{[%clk 00:53:32]} {[%emt 00:05:27]} 15. Be3 {[%emt 00:09:44]} Rad8 {[%clk
00:46:21]} {[%emt 00:07:33]} 16. Qe2 {[%clk 01:10:01]} {[%emt 00:04:38]} Bc8
{[%clk 00:38:18]} {[%emt 00:08:33]} 17. Rad1 {[%clk 01:06:20]} {[%emt
00:04:11]} exd4 {[%clk 00:28:11]} {[%emt 00:10:36]} 18. cxd4 {[%clk 01:04:04]}
{[%emt 00:02:47]} Be6 {[%clk 00:26:53]} {[%emt 00:01:48]} 19. b3 {[%clk
01:00:50]} {[%emt 00:03:44]} Ba5 {[%clk 00:21:31]} {[%emt 00:05:52]} 20. Bd2
{[%clk 00:59:10]} {[%emt 00:02:09]} Bxd2 {[%clk 00:19:43]} {[%emt 00:02:19]}
21. Qxd2 {[%clk 00:58:19]} {[%emt 00:01:20]} c5 {[%clk 00:13:55]} {[%emt
00:06:19]} 22. d5 {[%clk 00:56:45]} {[%emt 00:02:03]} Bd7 {[%clk 00:13:35]}
{[%emt 00:00:50]} 23. Bd3 {[%clk 00:53:32]} {[%emt 00:03:43]} Qb6 {[%clk
00:11:29]} {[%emt 00:02:37]} 24. Nh2 {[%clk 00:44:44]} {[%emt 00:09:17]} Ne5
{[%clk 00:09:31]} {[%emt 00:02:28]} 25. Be2 {[%clk 00:42:48]} {[%emt 00:02:20]}
Bb5 {[%clk 00:08:32]} {[%emt 00:01:35]} 26. Bxb5 {[%clk 00:41:22]} {[%emt
00:01:57]} Qxb5 {[%clk 00:08:41]} {[%emt 00:00:21]} 27. Nf5 {[%clk 00:40:39]}
{[%emt 00:01:12]} c4 {[%clk 00:07:33]} {[%emt 00:01:38]} 28. bxc4 {[%clk
00:35:35]} {[%emt 00:05:35]} Qxc4 {[%clk 00:06:21]} {[%emt 00:01:41]} 29. f3
{[%clk 00:33:49]} {[%emt 00:02:16]} Qc5+ {[%clk 00:05:36]} {[%emt 00:01:14]}
30. Qf2 {[%clk 00:32:13]} {[%emt 00:02:07]} Qxf2+ {[%clk 00:04:10]} {[%emt
00:01:56]} 31. Kxf2 {[%clk 00:32:41]} {[%emt 00:00:03]} Kh7 {[%clk 00:04:02]}
{[%emt 00:00:38]} 32. Re3 {[%clk 00:26:23]} {[%emt 00:06:48]} g6 {[%clk
00:04:04]} {[%emt 00:00:27]} 33. Nd4 {[%clk 00:26:24]} {[%emt 00:00:28]} a6
{[%clk 00:03:47]} {[%emt 00:00:48]} 34. Rb1 {[%clk 00:25:58]} {[%emt 00:00:56]}
Re7 {[%clk 00:03:26]} {[%emt 00:00:51]} 35. Reb3 {[%clk 00:23:16]} {[%emt
00:03:11]} Rdd7 {[%clk 00:03:10]} {[%emt 00:00:48]} 36. Rc3 {[%clk 00:21:44]}
{[%emt 00:02:01]} Rc7 {[%clk 00:02:56]} {[%emt 00:00:44]} 37. Rbb3 {[%clk
00:15:49]} {[%emt 00:06:25]} Ne8 {[%clk 00:01:35]} {[%emt 00:01:51]} 38. Ng4
{[%clk 00:12:04]} {[%emt 00:04:15]} Nf6 {[%clk 00:01:10]} {[%emt 00:00:53]} 39.
Nxf6+ {[%clk 00:12:17]} {[%emt 00:00:20]} Kg7 {[%clk 00:01:23]} {[%emt
00:00:16]} 40. Rxc7 {[%clk 00:11:58]} {[%emt 00:00:49]} Kxf6 {[%clk 00:01:29]}
{[%emt 00:00:25]} 41. Rxe7 {[%clk 00:11:59]} {[%emt 00:00:28]} Kxe7 {[%clk
00:01:51]} {[%emt 00:00:08]} 42. Rxb7+ {[%clk 00:12:15]} {[%emt 00:00:14]} Kd8
{[%clk 00:01:45]} {[%emt 00:00:37]} 43. Nc6+ {[%clk 00:12:27]} {[%emt
00:00:17]} Kc8 {[%clk 00:01:45]} {[%emt 00:00:31]} 44. Re7 {[%clk 00:11:48]}
{[%emt 00:01:08]} Nd3+ {[%clk 00:01:56]} {[%emt 00:00:20]} 45. Ke3 {[%clk
00:11:20]} {[%emt 00:00:57]} Ne1 {[%clk 00:01:50]} {[%emt 00:00:35]} 46. Rxf7
{[%clk 00:10:50]} {[%emt 00:01:01]} Nxg2+ {[%clk 00:01:30]} {[%emt 00:00:50]}
47. Kf2 {[%clk 00:11:04]} {[%emt 00:00:14]} Nh4 {[%clk 00:01:42]} {[%emt
00:00:19]} 48. Kg3 {[%clk 00:10:44]} {[%emt 00:00:50]} g5 {[%clk 00:01:55]}
{[%emt 00:00:18]} 49. Ne7+ {[%clk 00:10:38]} {[%emt 00:00:36]} Kd8 {[%clk
00:01:55]} {[%emt 00:00:31]} 50. Nf5 {[%clk 00:10:35]} {[%emt 00:00:33]} Ng6
{[%clk 00:01:43]} {[%emt 00:00:41]} 51. Nxd6 {[%clk 00:10:21]} {[%emt
00:00:44]} Ne5 {[%clk 00:01:07]} {[%emt 00:01:06]} 52. Rh7 {[%clk 00:09:02]}
{[%emt 00:01:47]} Nd3 {[%clk 00:01:19]} {[%emt 00:00:21]} 53. Nb7+ {[%clk
00:07:54]} {[%emt 00:01:38]} Kc8 {[%clk 00:01:36]} {[%emt 00:00:12]} 54. d6
{[%clk 00:07:17]} {[%emt 00:01:07]} Ne5 {[%clk 00:01:53]} {[%emt 00:00:13]} 55.
Rc7+ {[%clk 00:06:49]} {[%emt 00:00:57]} Kb8 {[%clk 00:01:57]} {[%emt
00:00:26]} 56. Na5 {[%clk 00:06:39]} {[%emt 00:00:40]} h5 {[%clk 00:00:43]}
{[%emt 00:01:44]} 57. Nc6+ {[%clk 00:06:23]} {[%emt 00:00:47]} Nxc6 {[%clk
00:00:44]} {[%emt 00:00:29]} 58. Rxc6 {[%clk 00:06:51]} {[%emt 00:00:02]} g4
{[%clk 00:00:59]} {[%emt 00:00:14]} 59. d7 {[%clk 00:06:14]} {[%emt 00:01:09]}
Kb7 {[%clk 00:01:07]} {[%emt 00:00:22]} 60. Rd6 {[%clk 00:05:52]} {[%emt
00:00:50]} h4+ {[%clk 00:01:17]} {[%emt 00:00:21]} 61. Kxg4 {[%clk 00:05:50]}
{[%emt 00:00:32]} a5 {[%clk 00:01:30]} {[%emt 00:00:17]} 62. d8=Q {[%clk
00:03:28]} {[%emt 00:02:52]} a4 {[%clk 00:01:32]} {[%emt 00:00:28]} 63. Qe7+
{[%clk 00:03:37]} {[%emt 00:00:21]} Ka8 {[%clk 00:01:53]} {[%emt 00:00:10]} 64.
Rd8# {[%emt 00:00:07]} 1-0

[Event "DEM U18w 2025"]
[Site "Willingen GER"]
[Date "2025.06.12"]
[Round "7"]
[White "Schirmer, Sara"]
[Black "Reddi, Bhuvana"]
[Result "0-1"]
[Termination "normal"]
[Board "11"]
[WhiteElo "1630"]
[BlackElo "1851"]
[WhiteClock "00:58:53"]
[BlackClock "00:20:19"]
[PlyCount "58"]
[WhiteFideId "16297580"]
[BlackFideId "16287002"]
[EventCountry "GER"]
[EventRounds "9"]
[EventType "swiss"]
[EventDate "2025.06.07"]

1. d4 {[%clk 01:30:59]} {[%emt 00:00:02]} Nf6 {[%clk 01:30:57]} {[%emt
00:00:03]} 2. c4 {[%clk 01:31:20]} {[%emt 00:00:09]} g6 {[%clk 01:31:23]}
{[%emt 00:00:04]} 3. Nf3 {[%clk 01:31:44]} {[%emt 00:00:05]} Bg7 {[%clk
01:31:45]} {[%emt 00:00:07]} 4. Nc3 {[%clk 01:32:07]} {[%emt 00:00:08]} O-O
{[%clk 01:32:07]} {[%emt 00:00:08]} 5. e3 {[%clk 01:32:30]} {[%emt 00:00:08]}
d6 {[%clk 01:32:29]} {[%emt 00:00:08]} 6. Be2 {[%clk 01:32:51]} {[%emt
00:00:09]} Nbd7 {[%clk 01:32:50]} {[%emt 00:00:08]} 7. O-O {[%clk 01:33:12]}
{[%emt 00:00:10]} e5 {[%clk 01:32:59]} {[%emt 00:00:20]} 8. b4 {[%clk
01:33:10]} {[%emt 00:00:32]} a5 {[%clk 01:31:33]} {[%emt 00:01:56]} 9. b5
{[%clk 01:32:58]} {[%emt 00:00:42]} exd4 {[%clk 01:16:33]} {[%emt 00:15:30]}
10. Nxd4 {[%clk 01:32:47]} {[%emt 00:00:41]} Nc5 {[%clk 01:09:44]} {[%emt
00:07:18]} 11. a4 {[%clk 01:32:19]} {[%emt 00:00:59]} Ne6 {[%clk 01:01:32]}
{[%emt 00:08:43]} 12. Ba3 {[%clk 01:30:44]} {[%emt 00:02:03]} Nxd4 {[%clk
00:55:10]} {[%emt 00:06:53]} 13. exd4 {[%clk 01:30:59]} {[%emt 00:00:14]} Re8
{[%clk 00:50:32]} {[%emt 00:05:09]} 14. Rc1 {[%clk 01:28:08]} {[%emt 00:03:21]}
Ne4 {[%clk 00:44:43]} {[%emt 00:06:19]} 15. Nd5 {[%clk 01:22:17]} {[%emt
00:06:21]} Bh6 {[%clk 00:29:11]} {[%emt 00:16:01]} 16. Ne3 {[%clk 01:21:39]}
{[%emt 00:01:10]} Nxf2 {[%clk 00:29:13]} {[%emt 00:00:27]} 17. Rxf2 {[%clk
01:17:34]} {[%emt 00:04:35]} Bxe3 {[%clk 00:29:36]} {[%emt 00:00:08]} 18. Rc3
{[%clk 01:17:53]} {[%emt 00:00:11]} Bxf2+ {[%clk 00:29:47]} {[%emt 00:00:18]}
19. Kxf2 {[%clk 01:18:14]} {[%emt 00:00:08]} Qh4+ {[%clk 00:29:57]} {[%emt
00:00:19]} 20. Kg1 {[%clk 01:18:11]} {[%emt 00:00:33]} Bf5 {[%clk 00:29:03]}
{[%emt 00:01:26]} 21. g3 {[%clk 01:17:38]} {[%emt 00:01:03]} Qe7 {[%clk
00:28:50]} {[%emt 00:00:42]} 22. Bf3 {[%clk 01:14:16]} {[%emt 00:03:53]} Be4
{[%clk 00:28:59]} {[%emt 00:00:21]} 23. Be2 {[%clk 01:13:26]} {[%emt 00:01:20]}
b6 {[%clk 00:27:34]} {[%emt 00:01:55]} 24. Bc1 {[%clk 01:13:17]} {[%emt
00:00:38]} Qe6 {[%clk 00:23:31]} {[%emt 00:04:33]} 25. Bf1 {[%clk 01:11:10]}
{[%emt 00:02:37]} Bf5 {[%clk 00:21:25]} {[%emt 00:02:38]} 26. d5 {[%clk
01:07:23]} {[%emt 00:04:16]} Qe1 {[%clk 00:20:21]} {[%emt 00:01:33]} 27. Qd4
{[%clk 01:04:29]} {[%emt 00:03:24]} Bh3 {[%clk 00:19:42]} {[%emt 00:01:10]} 28.
Qd3 {[%clk 00:58:27]} {[%emt 00:06:33]} Bxf1 {[%clk 00:19:59]} {[%emt
00:00:11]} 29. Qxf1 {[%clk 00:58:53]} {[%emt 00:00:04]} Qxc3 {[%clk 00:20:19]}
{[%emt 00:00:10]} 0-1

[Event "DEM U18w 2025"]
[Site "Willingen GER"]
[Date "2025.06.12"]
[Round "7"]
[White "Stepanjan, Marianne"]
[Black "Czäczine, Laura"]
[Result "1/2-1/2"]
[Termination "normal"]
[Board "12"]
[WhiteElo "1712"]
[BlackElo "1903"]
[WhiteClock "00:00:46"]
[BlackClock "00:00:37"]
[PlyCount "81"]
[WhiteFideId "16246110"]
[BlackFideId "16211448"]
[EventCountry "GER"]
[EventRounds "9"]
[EventType "swiss"]
[EventDate "2025.06.07"]

1. e4 {[%clk 01:30:59]} {[%emt 00:00:01]} e5 {[%clk 01:30:56]} {[%emt
00:00:03]} 2. Nf3 {[%clk 01:31:24]} {[%emt 00:00:06]} Nc6 {[%clk 01:31:23]}
{[%emt 00:00:03]} 3. Bb5 {[%clk 01:31:49]} {[%emt 00:00:04]} a6 {[%clk
01:31:49]} {[%emt 00:00:06]} 4. Ba4 {[%clk 01:32:16]} {[%emt 00:00:03]} Nf6
{[%clk 01:32:10]} {[%emt 00:00:09]} 5. O-O {[%clk 01:32:27]} {[%emt 00:00:18]}
Be7 {[%clk 01:31:23]} {[%emt 00:01:18]} 6. Re1 {[%clk 01:32:38]} {[%emt
00:00:19]} b5 {[%clk 01:31:41]} {[%emt 00:00:11]} 7. Bb3 {[%clk 01:33:03]}
{[%emt 00:00:06]} O-O {[%clk 01:32:00]} {[%emt 00:00:10]} 8. h3 {[%clk
01:33:30]} {[%emt 00:00:03]} Bb7 {[%clk 01:32:11]} {[%emt 00:00:19]} 9. d3
{[%clk 01:32:44]} {[%emt 00:01:16]} d5 {[%clk 01:27:52]} {[%emt 00:04:48]} 10.
exd5 {[%clk 01:31:45]} {[%emt 00:01:30]} Nxd5 {[%clk 01:28:16]} {[%emt
00:00:06]} 11. Nxe5 {[%clk 01:31:27]} {[%emt 00:00:48]} Nxe5 {[%clk 01:28:41]}
{[%emt 00:00:05]} 12. Rxe5 {[%clk 01:31:28]} {[%emt 00:00:29]} Qd6 {[%clk
01:29:01]} {[%emt 00:00:09]} 13. Re1 {[%clk 01:28:11]} {[%emt 00:03:47]} Rfe8
{[%clk 01:28:21]} {[%emt 00:01:11]} 14. Nd2 {[%clk 01:13:16]} {[%emt 00:15:24]}
c5 {[%clk 01:28:08]} {[%emt 00:00:44]} 15. Ne4 {[%clk 01:09:31]} {[%emt
00:04:15]} Qc6 {[%clk 01:28:18]} {[%emt 00:00:20]} 16. Bxd5 {[%clk 01:03:59]}
{[%emt 00:06:03]} Qxd5 {[%clk 01:28:37]} {[%emt 00:00:10]} 17. Qf3 {[%clk
00:57:32]} {[%emt 00:06:56]} Bf8 {[%clk 01:00:01]} {[%emt 00:29:07]} 18. Bf4
{[%clk 00:40:42]} {[%emt 00:17:20]} Re6 {[%clk 00:44:22]} {[%emt 00:16:08]} 19.
Re3 {[%clk 00:30:16]} {[%emt 00:10:57]} h6 {[%clk 00:37:13]} {[%emt 00:07:39]}
20. Nd2 {[%clk 00:24:06]} {[%emt 00:06:39]} Rg6 {[%clk 00:27:01]} {[%emt
00:10:42]} 21. Qxd5 {[%clk 00:23:28]} {[%emt 00:01:09]} Bxd5 {[%clk 00:27:28]}
{[%emt 00:00:03]} 22. Bg3 {[%clk 00:20:35]} {[%emt 00:03:23]} Rd8 {[%clk
00:22:03]} {[%emt 00:05:52]} 23. Rae1 {[%clk 00:17:53]} {[%emt 00:03:14]} Bc6
{[%clk 00:21:13]} {[%emt 00:01:21]} 24. Nf3 {[%clk 00:16:11]} {[%emt 00:02:11]}
Rf6 {[%clk 00:16:27]} {[%emt 00:05:16]} 25. Bh4 {[%clk 00:12:50]} {[%emt
00:03:51]} g5 {[%clk 00:16:45]} {[%emt 00:00:12]} 26. Nxg5 {[%clk 00:09:25]}
{[%emt 00:03:55]} hxg5 {[%clk 00:14:08]} {[%emt 00:03:08]} 27. Bxg5 {[%clk
00:09:49]} {[%emt 00:00:06]} Rdd6 {[%clk 00:12:53]} {[%emt 00:01:45]} 28. Bxf6
{[%clk 00:09:49]} {[%emt 00:00:30]} Rxf6 {[%clk 00:13:19]} {[%emt 00:00:04]}
29. Rg3+ {[%clk 00:09:52]} {[%emt 00:00:25]} Kh7 {[%clk 00:09:06]} {[%emt
00:04:44]} 30. Re5 {[%clk 00:06:54]} {[%emt 00:03:21]} Rh6 {[%clk 00:07:09]}
{[%emt 00:02:33]} 31. Re1 {[%clk 00:04:51]} {[%emt 00:02:35]} Bd6 {[%clk
00:04:03]} {[%emt 00:03:35]} 32. Rge3 {[%clk 00:04:37]} {[%emt 00:00:39]} Rg6
{[%clk 00:04:03]} {[%emt 00:00:34]} 33. g3 {[%clk 00:03:51]} {[%emt 00:01:16]}
Rh6 {[%clk 00:03:12]} {[%emt 00:01:23]} 34. h4 {[%clk 00:04:03]} {[%emt
00:00:18]} Rg6 {[%clk 00:03:04]} {[%emt 00:00:37]} 35. Kf1 {[%clk 00:03:10]}
{[%emt 00:01:16]} Rf6 {[%clk 00:01:59]} {[%emt 00:01:43]} 36. f4 {[%clk
00:02:44]} {[%emt 00:00:52]} Kh6 {[%clk 00:01:33]} {[%emt 00:00:58]} 37. c4
{[%clk 00:02:23]} {[%emt 00:00:53]} b4 {[%clk 00:01:43]} {[%emt 00:00:19]} 38.
Kf2 {[%clk 00:02:15]} {[%emt 00:00:33]} a5 {[%clk 00:01:39]} {[%emt 00:00:40]}
39. Rg1 {[%clk 00:01:48]} {[%emt 00:00:54]} Rf5 {[%clk 00:01:10]} {[%emt
00:01:00]} 40. Ke2 {[%clk 00:01:28]} {[%emt 00:00:43]} Kg7 {[%clk 00:00:37]}
{[%emt 00:01:11]} 41. Kd2 {[%clk 00:00:46]} {[%emt 00:01:01]} 1/2-1/2

[Event "DEM U18w 2025"]
[Site "Willingen GER"]
[Date "2025.06.12"]
[Round "7"]
[White "Heuberger, Sandra"]
[Black "Margaryan, Sofia"]
[Result "1-0"]
[Termination "normal"]
[Board "13"]
[WhiteElo "1550"]
[BlackElo "1564"]
[WhiteClock "00:26:27"]
[BlackClock "00:00:35"]
[PlyCount "51"]
[WhiteFideId "16232151"]
[BlackFideId "16268229"]
[EventCountry "GER"]
[EventRounds "9"]
[EventType "swiss"]
[EventDate "2025.06.07"]

1. d4 {[%clk 01:30:57]} {[%emt 00:00:03]} d5 {[%clk 01:30:57]} {[%emt
00:00:03]} 2. Bg5 {[%clk 01:30:25]} {[%emt 00:01:02]} Bf5 {[%clk 01:28:10]}
{[%emt 00:03:16]} 3. e3 {[%clk 01:28:58]} {[%emt 00:01:58]} f6 {[%clk
01:25:17]} {[%emt 00:03:23]} 4. Bh4 {[%clk 01:28:16]} {[%emt 00:01:11]} e6
{[%clk 01:22:58]} {[%emt 00:02:50]} 5. Bd3 {[%clk 01:26:25]} {[%emt 00:02:22]}
Bxd3 {[%clk 01:20:29]} {[%emt 00:02:58]} 6. Qxd3 {[%clk 01:26:29]} {[%emt
00:00:26]} c6 {[%clk 01:18:13]} {[%emt 00:02:46]} 7. Ne2 {[%clk 01:25:08]}
{[%emt 00:01:51]} Bd6 {[%clk 01:15:18]} {[%emt 00:03:25]} 8. O-O {[%clk
01:22:56]} {[%emt 00:02:42]} Qc7 {[%clk 01:14:58]} {[%emt 00:00:47]} 9. f4
{[%clk 01:19:10]} {[%emt 00:04:17]} Nd7 {[%clk 01:12:37]} {[%emt 00:02:52]} 10.
c4 {[%clk 01:17:18]} {[%emt 00:02:23]} O-O-O {[%clk 01:08:30]} {[%emt
00:04:37]} 11. c5 {[%clk 01:16:25]} {[%emt 00:01:23]} Be7 {[%clk 01:08:45]}
{[%emt 00:00:16]} 12. b4 {[%clk 01:14:35]} {[%emt 00:02:19]} Nh6 {[%clk
00:54:53]} {[%emt 00:14:21]} 13. a4 {[%clk 01:11:44]} {[%emt 00:03:22]} Nf5
{[%clk 00:52:24]} {[%emt 00:02:59]} 14. Bf2 {[%clk 01:10:55]} {[%emt 00:01:18]}
h5 {[%clk 00:46:29]} {[%emt 00:06:25]} 15. b5 {[%clk 01:10:01]} {[%emt
00:01:25]} Rdg8 {[%clk 00:34:28]} {[%emt 00:12:31]} 16. Nbc3 {[%clk 01:07:21]}
{[%emt 00:03:10]} g5 {[%clk 00:30:19]} {[%emt 00:04:38]} 17. Rfb1 {[%clk
00:59:34]} {[%emt 00:08:18]} gxf4 {[%clk 00:15:55]} {[%emt 00:14:53]} 18. Nxf4
{[%clk 00:56:03]} {[%emt 00:04:01]} Nxd4 {[%clk 00:08:35]} {[%emt 00:07:51]}
19. exd4 {[%clk 00:42:35]} {[%emt 00:13:57]} Qxf4 {[%clk 00:08:48]} {[%emt
00:00:17]} 20. bxc6 {[%clk 00:42:29]} {[%emt 00:00:36]} Nb8 {[%clk 00:00:38]}
{[%emt 00:08:41]} 21. cxb7+ {[%clk 00:41:47]} {[%emt 00:01:12]} Kd7 {[%clk
00:00:55]} {[%emt 00:00:13]} 22. Ne2 {[%clk 00:30:51]} {[%emt 00:11:21]} Qg5
{[%clk 00:00:47]} {[%emt 00:00:42]} 23. Qf3 {[%clk 00:27:58]} {[%emt 00:03:22]}
h4 {[%clk 00:00:36]} {[%emt 00:00:42]} 24. h3 {[%clk 00:27:34]} {[%emt
00:00:54]} Qg7 {[%clk 00:00:31]} {[%emt 00:00:35]} 25. Nf4 {[%clk 00:26:33]}
{[%emt 00:01:31]} Qf7 {[%clk 00:00:35]} {[%emt 00:00:27]} 26. Re1 {[%clk
00:26:27]} {[%emt 00:00:35]} 1-0